| Tag |
First Indicator |
Second Indicator |
Subfields |
| LEADER |
00000cam a2200000 4500 |
| 001 |
in00000042468 |
| 005 |
20151007072732.0 |
| 008 |
761001s1933 nyua b 00010 eng |
| 010 |
|
|
|a 33012577
|
| 035 |
|
|
|a (OCoLC)02477809
|
| 035 |
|
|
|9 AAE8457AM
|
| 040 |
|
|
|a DLC
|c HDC
|d HDC
|d TXA
|d UtOrBLW
|
| 049 |
|
|
|a TXAM
|c 1 [56120]
|
| 050 |
0 |
0 |
|a SB731
|b .R3
|
| 082 |
0 |
|
|a 581.2072
|
| 092 |
|
|
|a 581.2072
|b R259p
|
| 100 |
1 |
|
|a Rawlins, T. E.
|q (Thomas Elsworth),
|d 1895-1972.
|
| 245 |
1 |
0 |
|a Phytopathological and botanical research methods /
|c by Thomas Elsworth Rawlins ...
|
| 264 |
|
1 |
|a New York :
|b J. Wiley & sons, inc.;
|a London :
|b Chapman & Hall, limited,
|c 1933.
|
| 300 |
|
|
|a ix, 156 pages :
|b 1 illustration, diagrams ;
|c 24 cm.
|
| 336 |
|
|
|a text
|b txt
|2 rdacontent
|
| 337 |
|
|
|a unmediated
|b n
|2 rdamedia
|
| 338 |
|
|
|a volume
|b nc
|2 rdacarrier
|
| 504 |
|
|
|a Bibliography: pages 107-147.
|
| 500 |
|
|
|a Spine title: Phytopathological methods.
|
| 650 |
|
0 |
|a Plant diseases.
|
| 740 |
0 |
|
|a Pytopathological methods.
|
| 999 |
|
|
|a MARS
|
| 999 |
f |
f |
|s a01adba0-43c4-3637-a167-b340e791fe94
|i 452b0dab-6ab9-33f7-892f-5fd43bc54f75
|t 0
|
| 952 |
f |
f |
|p ric
|a Texas A&M University
|b Rellis Campus
|c Joint Library Facility
|d Remote Storage
|t 0
|e SB731 .R3
|h Library of Congress classification
|i unmediated -- volume
|l 1933
|m A14800989285
|
| 998 |
f |
f |
|a SB731 .R3
|t 0
|l Remote Storage
|